| 000 | 00635nam a2200229 a 4500 | ||
|---|---|---|---|
| 001 | 37274 | ||
| 003 | BD-RjUL | ||
| 005 | 20211209052608.0 | ||
| 008 | 141119s1984 e a|||| |||| 001 0 eng d | ||
| 020 | _a0521288916 | ||
| 035 | _a(BD-RjUL)37377 | ||
| 040 |
_aBD-RjUL _beng _cBD-RjUL |
||
| 041 | _aeng | ||
| 082 |
_a338.19 _bMIF 1984 |
||
| 100 |
_aMillerchip, David _9114191 |
||
| 245 |
_aThe food resources of man / _cDavid Millerchip. |
||
| 260 |
_aCambridge : _b Cambridge University Press, _c1984. |
||
| 300 |
_aiv, 76 p. : _b ill. ; _c24 cm. |
||
| 500 | _aIncludes index. | ||
| 650 |
_aFood supply. _9114118 |
||
| 942 |
_2ddc _cBK |
||
| 999 |
_c37274 _d37274 |
||